000 00528nam a22001937a 4500
005 20251108172627.0
008 250721s1999 xx 000 0 ara d
082 1 4 _a956,50223/دمد
100 1 _aدمدوم، عبدالله
245 1 0 _aجمر الرحيل /
264 1 _aعمان :
_bمكتبه الرأي،
_c1999.
300 _a529ص.
650 1 7 _aتاريخ آسيا
650 1 7 _aالتاريخ
650 1 7 _aالأردن
700 1 _aجدعون، سلامة
_eمحرر
942 _2ddc
_cBK
999 _c84412
_d84412